| 000 | 005510000a22002050004500 | ||
|---|---|---|---|
| 003 | LK-CoMWRAF | ||
| 005 | 20231120102953.0 | ||
| 008 | 230817t1973 ||||| |||| 00| 0 eng d | ||
| 020 | _a006286763X | ||
| 040 |
_aLK-CoMWRAF _dLK-CoMWRAF _eLK-CoMWRAF |
||
| 041 | _aeng | ||
| 082 |
_a301 _bPER |
||
| 100 | _aPerry, John | ||
| 245 |
_aThe Social Web: _ban introduction to Sociology |
||
| 260 |
_aSan Francisco: _bCanfield press, _c1973 |
||
| 300 |
_a658 p. illus. 26 cm. _bIndex included |
||
| 650 | _aSOCIOLOGY | ||
| 700 | _aPerry, Erna | ||
| 942 | _cBK | ||
| 999 |
_c2078 _d2078 |
||